<?xml version="1.0" encoding="UTF-8"?>
<record
    xmlns:xsi="http://www.w3.org/2001/XMLSchema-instance"
    xsi:schemaLocation="http://www.loc.gov/MARC21/slim http://www.loc.gov/standards/marcxml/schema/MARC21slim.xsd"
    xmlns="http://www.loc.gov/MARC21/slim">

  <leader>01433nam0a2200373   4500</leader>
  <controlfield tag="001">RU\NLR\BIBL_A\022718696</controlfield>
  <controlfield tag="005">20260318173551.0</controlfield>
  <datafield tag="010" ind1=" " ind2=" ">
    <subfield code="a">978-5-17-176800-3</subfield>
    <subfield code="9">2000</subfield>
  </datafield>
  <datafield tag="021" ind1=" " ind2=" ">
    <subfield code="a">RU</subfield>
    <subfield code="b">&#x410;&#x41B;-&#x41F;-25-01344&#x438;</subfield>
    <subfield code="9">&#x410;&#x41B;-&#x41F;-25-0253</subfield>
  </datafield>
  <datafield tag="035" ind1=" " ind2=" ">
    <subfield code="a">(NLR Aleph) 022718696</subfield>
  </datafield>
  <datafield tag="090" ind1=" " ind2=" ">
    <subfield code="a">13639590</subfield>
    <subfield code="c">13639590</subfield>
  </datafield>
  <datafield tag="100" ind1=" " ind2=" ">
    <subfield code="a">20260204d2025    u  y0rusy50      ca</subfield>
  </datafield>
  <datafield tag="101" ind1="1" ind2=" ">
    <subfield code="a">rus</subfield>
    <subfield code="a">eng</subfield>
    <subfield code="c">kor</subfield>
  </datafield>
  <datafield tag="102" ind1=" " ind2=" ">
    <subfield code="a">RU</subfield>
  </datafield>
  <datafield tag="105" ind1=" " ind2=" ">
    <subfield code="a">a   z   000yy</subfield>
  </datafield>
  <datafield tag="181" ind1=" " ind2="0">
    <subfield code="a">b3</subfield>
    <subfield code="b">bb2e  </subfield>
  </datafield>
  <datafield tag="181" ind1=" " ind2="0">
    <subfield code="a">i2</subfield>
    <subfield code="b">axxe  </subfield>
  </datafield>
  <datafield tag="182" ind1=" " ind2="0">
    <subfield code="a">n</subfield>
  </datafield>
  <datafield tag="200" ind1="1" ind2=" ">
    <subfield code="a">&#x41F;&#x440;&#x438;&#x43A;&#x43E;&#x441;&#x43D;&#x43E;&#x432;&#x435;&#x43D;&#x438;&#x44F; &#x43B;&#x44E;&#x431;&#x432;&#x438;</subfield>
    <subfield code="e">[&#x430;&#x440;&#x442;&#x431;&#x443;&#x43A;</subfield>
    <subfield code="e">&#x43D;&#x435;&#x436;&#x43D;&#x430;&#x44F; &#x43B;&#x44E;&#x431;&#x43E;&#x432;&#x44C;, &#x43A;&#x430;&#x43A; &#x432; &#x43B;&#x44E;&#x431;&#x438;&#x43C;&#x43E;&#x439; &#x434;&#x43E;&#x440;&#x430;&#x43C;&#x435;]</subfield>
    <subfield code="f">&#x42F;&#x43D; &#x421;&#x435;&#x44B;&#x43D;</subfield>
    <subfield code="g">[&#x43F;&#x435;&#x440;&#x435;&#x432;&#x43E;&#x434; &#x441; &#x43A;&#x43E;&#x440;&#x435;&#x439;&#x441;&#x43A;&#x43E;&#x433;&#x43E; &#x42F;&#x43D;&#x44B; &#x425;&#x430;&#x440;&#x44E;&#x43A;&#x43E;&#x432;&#x43E;&#x439;]</subfield>
    <subfield code="g">&#x438;&#x43B;&#x43B;&#x44E;&#x441;&#x442;&#x440;&#x430;&#x446;&#x438;&#x438; Zipcy</subfield>
  </datafield>
  <datafield tag="203" ind1=" " ind2=" ">
    <subfield code="a">&#x418;&#x437;&#x43E;&#x431;&#x440;&#x430;&#x436;&#x435;&#x43D;&#x438;&#x435;</subfield>
    <subfield code="a">&#x422;&#x435;&#x43A;&#x441;&#x442;</subfield>
    <subfield code="b">&#x432;&#x438;&#x437;&#x443;&#x430;&#x43B;&#x44C;&#x43D;&#x44B;&#x435;</subfield>
    <subfield code="c">&#x43D;&#x435;&#x43F;&#x43E;&#x441;&#x440;&#x435;&#x434;&#x441;&#x442;&#x432;&#x435;&#x43D;&#x43D;&#x44B;&#x435;</subfield>
  </datafield>
  <datafield tag="210" ind1=" " ind2=" ">
    <subfield code="a">&#x41C;&#x43E;&#x441;&#x43A;&#x432;&#x430;</subfield>
    <subfield code="c">&#x410;&#x421;&#x422;</subfield>
    <subfield code="d">2025</subfield>
  </datafield>
  <datafield tag="215" ind1=" " ind2=" ">
    <subfield code="a">205, [2] &#x441;.</subfield>
    <subfield code="c">&#x446;&#x432;. &#x438;&#x43B;.</subfield>
    <subfield code="d">21</subfield>
  </datafield>
  <datafield tag="225" ind1="1" ind2=" ">
    <subfield code="a">&#x421;&#x435;&#x440;&#x438;&#x44F; "&#x41C;&#x430;&#x441;&#x442;&#x435;&#x440;&#x430; &#x43C;&#x430;&#x43D;&#x433;&#x438;"</subfield>
  </datafield>
  <datafield tag="300" ind1=" " ind2=" ">
    <subfield code="a">&#x412; &#x432;&#x44B;&#x43F;. &#x434;&#x430;&#x43D;. &#x430;&#x432;&#x442;.: &#x42F;&#x43D; &#x421;&#x435;&#x44B;&#x43D; (Zipcy)</subfield>
  </datafield>
  <datafield tag="300" ind1=" " ind2=" ">
    <subfield code="a">&#x427;&#x430;&#x441;&#x442;&#x44C; &#x442;&#x435;&#x43A;&#x441;&#x442;&#x430; &#x430;&#x43D;&#x433;&#x43B;.</subfield>
  </datafield>
  <datafield tag="333" ind1=" " ind2=" ">
    <subfield code="a">18+</subfield>
  </datafield>
  <datafield tag="600" ind1=" " ind2="0">
    <subfield code="a">&#x42F;&#x43D; &#x421;&#x435;&#x44B;&#x43D;</subfield>
    <subfield code="2">nlr_sh2</subfield>
    <subfield code="3">RU\NLR\AUTH\6601767688</subfield>
  </datafield>
  <datafield tag="686" ind1="1" ind2=" ">
    <subfield code="a">&#x429;153(5&#x41A;&#x43E;&#x42E;)8-8&#x42F;&#x43D; &#x421;&#x435;&#x44B;&#x43D;</subfield>
  </datafield>
  <datafield tag="700" ind1=" " ind2="0">
    <subfield code="a">&#x42F;&#x43D; &#x421;&#x435;&#x44B;&#x43D;</subfield>
    <subfield code="3">RU\NLR\AUTH\770290494</subfield>
  </datafield>
  <datafield tag="702" ind1=" " ind2="1">
    <subfield code="a">&#x425;&#x430;&#x440;&#x44E;&#x43A;&#x43E;&#x432;&#x430;</subfield>
    <subfield code="b">&#x42F;. &#x410;.</subfield>
    <subfield code="g">&#x42F;&#x43D;&#x430; &#x410;</subfield>
    <subfield code="4">730</subfield>
  </datafield>
  <datafield tag="942" ind1=" " ind2=" ">
    <subfield code="c">BOOK</subfield>
  </datafield>
  <datafield tag="980" ind1=" " ind2=" ">
    <subfield code="a">NB</subfield>
  </datafield>
</record>
